000 004630000a22001810004500
003 LK-CoMWRAF
008 230817t ||||| |||| 00| 0 eng d
040 _aLK-CoMWRAF
_dLK-CoMWRAF
_eLK-CoMWRAF
041 _aeng
082 _a320
_bWIJ
100 _a Wickramasinghe, Maithree
100 _aWijayatilake, Kamalini
245 _aWomen's Access to Legal in Sri Lanka
_b
260 _aColombo
_bCENWOR
_c2000
300 _ap.28
650 _alegal aid
942 _cBK
999 _c123
_d123